LEADER 01437nam a2200325 u 4500 001 000000031468 003 CaOOAMICUS 005 20070226112138.0 008 971003s1967 it u000 u ita u 035 $a10771348 040 $aPUL$bita 130 0 $aBiblia.$pN.T.$pIacobi epistola.$lItaliano.$0(OLS)http://pul/title/158628 245 13$aLa Lettera di Giacomo /$cOtto Knoch. 250 $a2. ed. 260 $aRoma :$bCittà Nuova,$c1967. 300 $a120 p. ;$c21 cm 490 1 $aCommenti spirituali del Nuovo Testamento 500 $aTraduzione di P. Bonaventura da Malè. 630 04$aBiblia.$pN.T.$pIacobi epistola$xCommenti.$0(OLS)http://pul/subject/37540 700 1 $aKnoch, Otto.$tBrief des Apostels Jakobus$lItaliano.$0(OLS)http://pul/name/25116 700 0 $aBonaventura da Malè,$cO.F.M.$0(OLS)http://pul/name/19831 830 0$aCommenti spirituali del Nuovo Testamento.$0(OLS)http://pul/title/32721 850 $aPUL 852 $aPUL$W1$xSL Religione 1$y3$m1(7) L 25$j43458$nBK-PRI$b $qStampati$B43458$CPULBib$Z2$F43458 $H $81 852 $aPUL$W1$xDP1 Fondo Pastorale$y55$mP1 E 31$j43459$nBK-PRI$b $qFondi$B43459$CPULBib$Z2$F43459 $HPUL2430 $81 941 1 $a8 941 1 $a1 961 $aINV: 30540 996 $6245$aLa Lettera di Giacomo$9(OLS)http://pul/title/43266 996 $6260$aRoma :$bCittà Nuova$9(OLS)http://pul/publisher/47927 LEADER 01261nam a2200289 u 4500 001 000000107743 003 CaOOAMICUS 005 20071019102814.0 008 071019s2007 it u000 u ita u 020 $z978-88-10-20625-6* 040 $aPUL$bita$dLDB 130 0 $aBiblia.$pN.T.$pAd Corinthios II.$lItaliano.$0(OLS)http://pul/title/32742 245 13$aLa seconda lettera ai Corinzi /$cintroduzione, versione, commento di Giacomo Lorusso. 260 $aBologna :$bEDB,$cc2007. 300 $a367 p. ;$c24 cm. 490 1 $aScritti delle origini cristiane ;$v08 500 $aIndice: p. [337]-367. 504 $aBibliografia: p. [325]-336. 630 04$aBiblia.$pN.T.$pAd Corinthios II$xCommenti.$0(OLS)http://pul/subject/13102 700 1 $aLorusso, Giacomo.$0(OLS)http://pul/name/38981 830 0$aScritti delle origini cristiane ;$v08.$0(OLS)http://pul/title/18276 850 $aPUL 852 $aPUL$W1$xSL Religione 3$y85$m227. 3 LORGI 1$j122530$qDDC 21$B121512$CPULBib$Z2$F121512 $H105153 $82 941 1 $a9 996 $6020$z978-88-10-20625-6*$9(OLS)http://pul/number/135995 996 $6245$aLa seconda lettera ai Corinzi$9(OLS)http://pul/title/133318 996 $6260$aBologna :$bEDB$9(OLS)http://pul/publisher/56073